000 00304nam a22001097a 4500
008 151202b xxu||||| |||| 00| 0 eng d
020 _a0618052917
100 _aRon Larson Robert P.Hostetler Bruce H.Edwards
245 _aPrecalculus with Limits
_bA Graphing Approach
250 _a3RD ED
260 _c2001
999 _c251683
_d251683